Protezoologija : Perevod s nemec /

Na minha lista:
Detalhes bibliográficos
Autor principal: Hausmann, Klaus (Author)
Formato: Livro
Publicado em: Moskva : Mir, 1988
Tags: Adicionar Tag
Sem tags, seja o primeiro a adicionar uma tag!

MARC

LEADER 00000nam a22000003a 4500
001 stu14292
005 20150617225759.2
008 ------s1988----xxr---------------------d
040 |a STU  |b slo 
041 0
044 |a xxr 
080 |a 593.1+576.3 
100 1 |a Hausmann, Klaus  |4 aut 
245 1 |a Protezoologija :  |b Perevod s nemec /  |c [aut.]Hausmann,Klaus 
260 |a Moskva :  |b Mir,  |c 1988 
300 |a 334 s :  |b Obr.,tab.,lit.,index 
996 |b C83175  |c C*83175  |l CCXV  |s P  |a 0  |w stu14292_0001